000 00643nam a2200205Ia 4500
005 20250508165509.0
008 008 250505s9999 xx 000 0 eng d
020 _a978-0-300-19621-4
037 _aReference
040 _aFEDL
_beng
_cFEDL
041 _aeng
_2eng
084 _a315.4, IND/RR
_qFEDL
245 0 _aIndia 2015: A reference annual
245 0 _cIndia. Information and Broadcasting (Ministry of...)
260 _aNew Delhi, India
_bMinistry of Information and Broadcasting, Government of India
_c2015
300 _a1112p.
365 _aINR
_b350
942 _cREF
_h315.4, IND/RR
999 _c1395458
_d1395458